Вып. 8: Теория и методология программирования: Сборник научных трудов; Системная информатика

Bibliographic Details
Parent link:Системная информатика/ Сибирское отделение РАН; Институт систем информатики. Вып. 8: Теория и методология программирования: Сборник научных трудов.— , 1991-
Other Authors: Поттосин И. В. Игорь Васильевич (редактор), Марчук А. Г.
Language:Russian
Published: 2002
Subjects:
Format: Book
KOHA link:https://koha.lib.tpu.ru/cgi-bin/koha/opac-detail.pl?biblionumber=49107

MARC

LEADER 00000nam2a2200000 4500
001 49107
005 20231031032503.0
010 |a 502031949X 
035 |a (RuTPU)RU\TPU\book\51427 
090 |a 49107 
100 |a 20030325d2002 k y0rusy50 ca 
101 0 |a rus 
102 |a RU 
105 |a a z 001zy 
200 0 |a Вып. 8: Теория и методология программирования  |e Сборник научных трудов  |f Под ред. И. В. Поттосин; Под ред. А. Г. Марчук 
210 |d 2002 
215 |a 251 с.  |c ил. 
320 |a Библиогр. в конце статей 
461 1 |0 (RuTPU)RU\TPU\book\52654  |t Системная информатика  |f Сибирское отделение РАН; Институт систем информатики  |v Вып. 8: Теория и методология программирования: Сборник научных трудов  |d 1991-  |s Системная информатика 
610 1 |a информатика 
610 1 |a языки программирования 
610 1 |a проектирование 
610 1 |a эволюция 
610 1 |a Интернет 
610 1 |a поиск 
610 1 |a базы данных 
610 1 |a обновление 
610 1 |a программная логика 
610 1 |a объектно-ориентированные сети 
610 1 |a сети Петри 
675 |a 681.3.01  |v 3 
702 1 |a Поттосин  |b И. В.  |g Игорь Васильевич  |4 340 
702 1 |a Марчук  |b А. Г.  |4 340 
801 1 |a RU  |b 63413507  |c 20030325  |g PSBO 
801 2 |a RU  |b 63413507  |c 20151119  |g PSBO 
942 |c BK